[Event "Berlin Lichtenrade op 09th"]
[Site "Berlin"]
[Date "2013.10.06"]
[Round "9"]
[White "Salz, Matthias"]
[Black "Stigar, Petter"]
[Result "0-1"]
[WhiteElo "1731"]
[BlackElo "2239"]
[PlyCount "94"]
[EventDate "2013.09.28"]
[EventType "swiss"]
[EventRounds "9"]
[EventCountry "GER"]
[SourceTitle "CBM 156 Extra"]
[Source "ChessBase"]
[SourceDate "2013.10.22"]
[SourceVersion "1"]
[SourceVersionDate "2013.10.22"]
[SourceQuality "1"]

1. c4 e6 2. g3 Nf6 3. Bg2 d5 4. Nf3 dxc4 5. 0-0 a6 6. a4 Nc6 7. Na3 Na5 8. Qc2 Qd5 9. d3 cxd3 10. exd3 Nb3 11. Rb1 Nxc1 12. Rfxc1 c6 13. Nc4 Qd8 14. Nfe5 Nd5 15. a5 f6 16. Bxd5 Qxd5 17. Nb6 Qxe5 18. Nxa8 Qxa5 19. Ra1 Qd8 20. Qb3 Bd6 21. Nb6 0-0 22. Re1 Re8 23. Re2 Kh8 24. Rae1 e5 25. Nxc8 Qxc8 26. d4 Rf8 27. dxe5 Bxe5 28. Rd1 c5 29. Rc2 b5 30. Qa3 c4 31. f4 Bc7 32. b3 Bb6+ 33. Kf1 Qa8 34. Rd5 Rc8 35. bxc4 bxc4 36. Qf3 h6 37. Qe4 Qc6 38. Rcd2 Re8 39. Qg6 c3 40. Rc2 Qe6 41. Rd6 Qh3+ 42. Rg2 Re2 43. Kxe2 Qxg2+ 44. Kd1 Qf1+ 45. Kc2 Qf2+ 46. Kb3 Qb2+ 47. Kc4 Qb5+ 0-1

[Event "Berlin Lichtenberger op 12th"]
[Site "Berlin"]
[Date "2013.08.23"]
[Round "7"]
[White "Salz, Matthias"]
[Black "Costello, Colin"]
[Result "1/2-1/2"]
[WhiteElo "1698"]
[BlackElo "1956"]
[PlyCount "124"]
[EventDate "2013.08.17"]
[EventType "swiss"]
[EventRounds "9"]
[EventCountry "GER"]
[SourceTitle "CBM 156 Extra"]
[Source "ChessBase"]
[SourceDate "2013.10.22"]
[SourceVersion "1"]
[SourceVersionDate "2013.10.22"]
[SourceQuality "1"]

1. c4 e6 2. g3 d5 3. Bg2 Nf6 4. Nf3 c5 5. 0-0 Nc6 6. b3 Be7 7. Bb2 0-0 8. e3 b6 9. Nc3 Bb7 10. cxd5 exd5 11. d4 Re8 12. Rc1 Rc8 13. Qd3 Nb4 14. Qe2 Ba6 15. Nb5 Nxa2 16. Ra1 Qd7 17. Bh3 Bxb5 18. Bxd7 Bxe2 19. Bxc8 Rxc8 20. Rxa2 Bxf1 21. Kxf1 a5 22. dxc5 Bxc5 23. Bxf6 gxf6 24. Rd2 Rd8 25. Nd4 Kf8 26. e4 Bxd4 27. Rxd4 Ke7 28. exd5 Kd6 29. Rh4 Rh8 30. Rh6 Kxd5 31. Rxf6 Kc5 32. Rxf7 Kb4 33. Rb7 b5 34. f4 Rf8 35. Kf2 Rf5 36. Ra7 Rc5 37. g4 Rc2+ 38. Kf3 Rc3+ 39. Ke4 Rxb3 40. Rxh7 a4 41. g5 a3 42. g6 a2 43. Ra7 Ra3 44. Rxa3 Kxa3 45. g7 a1Q 46. g8Q Qh1+ 47. Kd4 Qxh2 48. Qf8+ b4 49. f5 Qf4+ 50. Kd5 Ka2 51. f6 Qf3+ 52. Ke5 Qe3+ 53. Kf5 Qf3+ 54. Kg5 Qd5+ 55. Kg6 b3 56. f7 b2 57. Qb8 Qe4+ 58. Kg7 Qg4+ 59. Kh8 Qh5+ 60. Kg8 Qg6+ 61. Kh8 Qxf7 62. Qxb2+ Kxb2 1/2-1/2

[Event "Berlin Lichtenberger op 12th"]
[Site "Berlin"]
[Date "2013.08.18"]
[Round "2"]
[White "Theilig, Reinhard"]
[Black "Salz, Matthias"]
[Result "1/2-1/2"]
[WhiteElo "1713"]
[BlackElo "1698"]
[PlyCount "94"]
[EventDate "2013.08.17"]
[EventType "swiss"]
[EventRounds "9"]
[EventCountry "GER"]
[SourceTitle "CBM 156 Extra"]
[Source "ChessBase"]
[SourceDate "2013.10.22"]
[SourceVersion "1"]
[SourceVersionDate "2013.10.22"]
[SourceQuality "1"]

1. Nf3 Nf6 2. c4 g6 3. Nc3 Bg7 4. g3 0-0 5. Bg2 d6 6. d4 Nbd7 7. 0-0 e5 8. Qc2 Re8 9. Bg5 h6 10. Bxf6 Bxf6 11. Rad1 Bg7 12. e3 f5 13. dxe5 Nxe5 14. c5 Nf7 15. Nh4 Kh7 16. cxd6 Nxd6 17. Nb5 Be6 18. Bxb7 Rb8 19. Bc6 Re7 20. b3 Rb6 21. Nxa7 Qb8 22. Nf3 Qxa7 23. Nd4 Bf7 24. Bg2 Be8 25. a4 Bxd4 26. Rxd4 Qa5 27. Rfd1 Bf7 28. Rb1 c5 29. Rdd1 Ne4 30. Bxe4 fxe4 31. Kg2 Qb4 32. Qe2 Bxb3 33. Rd8 c4 34. Qg4 Qxa4 35. Qc8 g5 36. Qf5+ Rg6 37. Qf8 Rgg7 38. Qh8+ Kg6 39. Rd6+ Kf7 40. Qxh6 Qa2 41. Qf6+ Ke8 42. Rb2 Qa3 43. Rbd2 Qa5 44. R2d5 Qc7 45. Rxg5 Qxd6 46. Qxd6 Rxg5 47. Qc6+ Kf7 1/2-1/2

[Event "GER-chT U20"]
[Site "Osnabrueck"]
[Date "2012.12.28"]
[Round "4.3"]
[White "Rieping, Heiner"]
[Black "Salz, Matthias"]
[Result "1-0"]
[WhiteElo "1933"]
[BlackElo "1713"]
[PlyCount "61"]
[EventDate "2012.12.27"]
[EventType "team-swiss"]
[EventRounds "7"]
[EventCountry "GER"]
[SourceTitle "EXT 2014"]
[Source "ChessBase"]
[SourceDate "2013.11.20"]
[SourceVersion "1"]
[SourceVersionDate "2013.11.20"]
[SourceQuality "1"]
[WhiteTeam "Hagen"]
[BlackTeam "Berlin Empor"]
[WhiteTeamCountry "GER"]
[BlackTeamCountry "GER"]

1. e4 c5 2. Nf3 Nc6 3. d4 cxd4 4. Nxd4 g6 5. c4 Bg7 6. Be3 Nf6 7. Nc3 0-0 8. Be2 d6 9. 0-0 Bd7 10. Qd2 Nxd4 11. Bxd4 Bc6 12. Rad1 e5 13. Be3 Nxe4 14. Nxe4 Bxe4 15. Qxd6 Bc2 16. Qxd8 Rfxd8 17. Rc1 Bd3 18. Bxd3 Rxd3 19. Rfd1 Rad8 20. Rxd3 Rxd3 21. Kf1 e4 22. b3 a5 23. Ke2 Bc3 24. Rd1 Rxd1 25. Kxd1 f5 26. Kc2 Be1 27. a3 Kf7 28. Bd4 e3 29. Bxe3 b5 30. cxb5 Ke6 31. b6 1-0

[Event "GER-chT U20"]
[Site "Osnabrueck"]
[Date "2012.12.27"]
[Round "1.3"]
[White "Fichtner, Ewald"]
[Black "Salz, Matthias"]
[Result "1-0"]
[WhiteElo "2021"]
[BlackElo "1713"]
[PlyCount "77"]
[EventDate "2012.12.27"]
[EventType "team-swiss"]
[EventRounds "7"]
[EventCountry "GER"]
[SourceTitle "EXT 2014"]
[Source "ChessBase"]
[SourceDate "2013.11.20"]
[SourceVersion "1"]
[SourceVersionDate "2013.11.20"]
[SourceQuality "1"]
[WhiteTeam "Solingen"]
[BlackTeam "Berlin Empor"]
[WhiteTeamCountry "GER"]
[BlackTeamCountry "GER"]

1. d4 Nf6 2. c4 g6 3. g3 Bg7 4. Bg2 0-0 5. Nf3 d6 6. 0-0 Nbd7 7. Nc3 e5 8. e4 exd4 9. Nxd4 Re8 10. h3 a6 11. Be3 Rb8 12. Qd2 Ne5 13. b3 c5 14. Nde2 Bxh3 15. Rad1 Bxg2 16. Kxg2 Neg4 17. Bf4 Bf8 18. f3 Ne5 19. Bg5 Be7 20. Bxf6 Bxf6 21. Qxd6 Qxd6 22. Rxd6 Bg7 23. a4 Nc6 24. f4 Nd4 25. e5 Nxb3 26. Ne4 b5 27. Rxa6 bxc4 28. N2c3 Bxe5 29. fxe5 Rxe5 30. Nf6+ Kg7 31. Nd7 Re3 32. Nxb8 Rxc3 33. Ra7 Rc2+ 34. Kh3 Kh6 35. Rfxf7 Kg5 36. Rae7 Ra2 37. Re5+ Kh6 38. Nc6 c3 39. Ne7 1-0

[Event "GER-chT Nord-Ost U20 U20 1112"]
[Site "Germany"]
[Date "2011.12.03"]
[Round "4.6"]
[White "Salz, Matthias"]
[Black "Giering, Nils"]
[Result "0-1"]
[WhiteElo "1344"]
[BlackElo "1492"]
[PlyCount "44"]
[EventDate "2011.09.24"]
[EventType "team-tourn"]
[EventRounds "9"]
[EventCountry "GER"]
[SourceTitle "EXT 2015"]
[Source "ChessBase"]
[SourceDate "2014.11.20"]
[SourceVersion "1"]
[SourceVersionDate "2014.11.20"]
[SourceQuality "1"]

1. e4 e5 2. Nf3 Nc6 3. Bc4 Nf6 4. d3 d6 5. Ng5 Be6 6. Bxe6 fxe6 7. Nxe6 Qd7 8. Nxf8 Rxf8 9. 0-0 0-0-0 10. f4 d5 11. exd5 Nxd5 12. fxe5 Nxe5 13. Nc3 Rxf1+ 14. Qxf1 Nxc3 15. bxc3 Qd6 16. Qf5+ Kb8 17. Bf4 Qb6+ 18. Kf1 Ng6 19. Bg5 Rf8 20. Qxf8+ Nxf8 21. Re1 Qc6 22. d4 b6 0-1